[Event "Toronto-ch Reserves"]
[Site "Toronto CAN"]
[Date "2002.02.09"]
[Round "11"]
[White "Haziprodromu, Sam"]
[Black "Millar, David"]
[Result "0-1"]
[WhiteElo "1979"]
[BlackElo "1877"]
[PlyCount "89"]
[EventDate "2002.01.09"]
[EventType "tourn"]
[EventRounds "11"]
[EventCountry "CAN"]

1. e4 c5 2. Nf3 Nc6 3. d4 cxd4 4. Nxd4 Nf6 5. Nc3 e5 6. Ndb5 d6 7. Bg5 a6 8.
Bxf6 gxf6 9. Na3 b5 10. Nd5 f5 11. exf5 Bxf5 12. c3 Bg7 13. Nc2 O-O 14. Nce3
Be6 15. g3 Ne7 16. Bg2 Rc8 17. O-O Nxd5 18. Nxd5 f5 19. a4 Bd7 20. axb5 Bxb5
21. Re1 Kh8 22. Qd2 Rf7 23. b3 f4 24. c4 fxg3 25. hxg3 Bc6 26. Rxa6 Qf8 27. Ra2
Bh6 28. Qd3 Qg7 29. b4 Rcf8 30. b5 Bb7 31. Rae2 Bg5 32. b6 h5 33. Qe4 h4 34.
Qg4 Qh6 35. f4 hxg3 36. Qxg3 Bh4 37. Qh3 Rg8 38. fxe5 Bf2+ 39. Rxf2 Qxh3 40.
Re3 Rxg2+ 41. Rxg2 Qf5 42. e6 Qf1+ 43. Kh2 Rh7+ 44. Rh3 Rxh3+ 45. Kxh3 0-1

[Event "Toronto-ch Reserves"]
[Site "Toronto CAN"]
[Date "2002.02.07"]
[Round "11"]
[White "Shah, Omar"]
[Black "Deslauriers, Brian"]
[Result "1/2-1/2"]
[WhiteElo "1913"]
[BlackElo "1966"]
[PlyCount "60"]
[EventDate "2002.01.09"]
[EventType "tourn"]
[EventRounds "11"]
[EventCountry "CAN"]

1. e4 c5 2. Nf3 Nc6 3. d4 cxd4 4. Nxd4 Nf6 5. Nc3 e5 6. Ndb5 d6 7. Bg5 a6 8.
Na3 Be7 9. Bxf6 Bxf6 10. Nd5 O-O 11. Nc4 Rb8 12. Ncb6 Be6 13. Be2 Bg5 14. O-O
Ne7 15. Nxe7+ Qxe7 16. Nd5 Qd7 17. c4 b5 18. b4 Kh8 19. a4 bxc4 20. Bxc4 Qa7
21. Qd3 f5 22. exf5 Bxf5 23. Qe2 Bc8 24. a5 Bb7 25. Rad1 Bxd5 26. Rxd5 Rxb4 27.
Bxa6 Rd4 28. Rxd4 Qxd4 29. Bb7 Bd8 30. a6 Bb6 1/2-1/2

[Event "Toronto-ch Reserves"]
[Site "Toronto CAN"]
[Date "2002.02.09"]
[Round "11"]
[White "Sviridovitch, Alina"]
[Black "Picana, Andrew"]
[Result "0-1"]
[WhiteElo "1925"]
[BlackElo "2018"]
[PlyCount "88"]
[EventDate "2002.01.09"]
[EventType "tourn"]
[EventRounds "11"]
[EventCountry "CAN"]

1. d4 Nf6 2. Bg5 d5 3. Nf3 e6 4. e3 c5 5. c3 Bd6 6. Nbd2 cxd4 7. exd4 O-O 8.
Bd3 Nbd7 9. O-O Qb6 10. Qc2 Qc7 11. Rfe1 h6 12. Bh4 a5 13. Nf1 b6 14. Bg3 Ba6
15. Bxd6 Qxd6 16. Ng3 Bxd3 17. Qxd3 Ra7 18. Ne5 Qc7 19. Rac1 Qb7 20. h3 b5 21.
b3 Qa6 22. Re2 Nb6 23. f3 Rc8 24. Rec2 a4 25. Kh2 Rac7 26. Ne2 Nbd7 27. Nxd7
Nxd7 28. bxa4 Qxa4 29. Rb1 Rb8 30. Rb4 Qa5 31. Rcb2 Rc4 32. Rxc4 dxc4 33. Qb1
Nf6 34. Rb4 Nd7 35. a4 Qc7+ 36. Kh1 bxa4 37. Qa2 Nb6 38. Kg1 e5 39. Kf2 exd4
40. Nxd4 Re8 41. Qb2 Nd7 42. Rxa4 Nc5 43. Qa1 Nd3+ 44. Kf1 Qg3 0-1

[Event "Toronto-ch Reserves"]
[Site "Toronto CAN"]
[Date "2002.02.09"]
[Round "11"]
[White "Vadachkoriya, Irakli"]
[Black "De Jesus, Enrique"]
[Result "1/2-1/2"]
[WhiteElo "1949"]
[BlackElo "2002"]
[PlyCount "77"]
[EventDate "2002.01.09"]
[EventType "tourn"]
[EventRounds "11"]
[EventCountry "CAN"]

1. e4 c5 2. Nc3 Nc6 3. f4 d6 4. Bc4 Nf6 5. Nf3 Bg4 6. h3 Bxf3 7. Qxf3 Nd4 8.
Qd1 e6 9. O-O Nxe4 10. Nxe4 d5 11. Bxd5 Qxd5 12. d3 Be7 13. Ng3 Bh4 14. Ne4 O-O
15. Be3 b6 16. Kh1 f5 17. Nd2 Rf6 18. Nf3 Bg3 19. c4 Qd8 20. Bxd4 cxd4 21. Ne5
Rh6 22. Qf3 Bh4 23. Qb7 Qe8 24. Qd7 Qxd7 25. Nxd7 Rg6 26. Rf3 Bf6 27. Re1 Kf7
28. Ne5+ Bxe5 29. Rxe5 Rd8 30. Kh2 Ke7 31. Rf2 Kd6 32. Rfe2 Rc8 33. b4 h5 34.
h4 Rf6 35. Rc2 Rg6 36. c5+ bxc5 37. Rexc5 Rxc5 38. Rxc5 Rf6 39. Ra5 1/2-1/2

[Event "Toronto-ch senior active"]
[Site "Toronto CAN"]
[Date "2002.11.17"]
[Round "4"]
[White "Carleton, Tom"]
[Black "Vujosevic, Vojan"]
[Result "0-1"]
[WhiteElo "1958"]
[BlackElo "2181"]
[PlyCount "40"]
[EventDate "2002.11.17"]
[EventType "swiss (rapid)"]
[EventRounds "5"]
[EventCountry "CAN"]
[Source "CFC"]
[SourceDate "2003.02.??"]

1. d4 Nf6 2. c4 c5 3. e3 g6 4. Nc3 Bg7 5. Nf3 O-O 6. Bd3 cxd4 7. exd4 d5 8. O-O
Nc6 9. Be3 Bg4 10. cxd5 Nxd5 11. a3 Nxd4 12. Be4 Nxc3 13. bxc3 Nxf3+ 14. gxf3
Bh3 15. Qxd8 Raxd8 16. Rfc1 b6 17. a4 f5 18. Bc2 f4 19. Bb3+ Kh8 20. Bd4 e5 0-1

[Event "Trumpeter Classic"]
[Site "Edmonton CAN"]
[Date "2002.01.18"]
[Round "1"]
[White "Lefkowitz, Phil"]
[Black "Ottosen, David"]
[Result "0-1"]
[WhiteElo "1700"]
[BlackElo "2100"]
[PlyCount "66"]
[EventDate "2002.01.18"]
[EventType "swiss"]
[EventRounds "5"]
[EventCountry "CAN"]

1. d4 d5 2. c4 c6 3. Nc3 e6 4. Nf3 dxc4 5. e3 b5 6. a4 Bb4 7. Bd2 Bb7 8. axb5
Bxc3 9. Bxc3 cxb5 10. b3 a5 11. bxc4 b4 12. Bb2 Nf6 13. Be2 O-O 14. O-O Nbd7
15. Bd3 Nb6 16. c5 Nbd5 17. Ne5 Ne7 18. Bb5 Qc7 19. f3 Nc6 20. Nxc6 Bxc6 21.
Ba4 Nd5 22. e4 Ne3 23. Qd3 Nxf1 24. Kxf1 Qd7 25. Bxc6 Qxc6 26. Qc4 Rfc8 27. Rc1
Rd8 28. Ke2 a4 29. Qxb4 Rab8 30. Qc3 Qb5+ 31. Kf2 Qxb2+ 32. Kg3 Qxc3 33. Rxc3
Rxd4 0-1

[Event "Trumpeter Classic"]
[Site "Edmonton CAN"]
[Date "2002.01.19"]
[Round "2"]
[White "Ottosen, David"]
[Black "Quiring, John"]
[Result "1/2-1/2"]
[WhiteElo "1950"]
[BlackElo "2100"]
[PlyCount "161"]
[EventDate "2002.01.18"]
[EventType "swiss"]
[EventRounds "5"]
[EventCountry "CAN"]

1. d4 e6 2. f4 f5 3. Nd2 Nf6 4. Ngf3 b6 5. e3 Be7 6. Bd3 Bb7 7. O-O O-O 8. Qe1
c5 9. e4 fxe4 10. Nxe4 Nc6 11. dxc5 bxc5 12. Be3 Nd5 13. Neg5 h6 14. Nh7 Rxf4
15. c4 Nxe3 16. Qxe3 Bd6 17. Rad1 Nd4 18. Ne5 Rxf1+ 19. Rxf1 Nf5 20. Bxf5 exf5
21. Rxf5 Bxe5 22. Qxe5 Kxh7 23. Rf7 Qg5 24. Qxg5 hxg5 25. Rxd7 Bc8 26. Rc7 Be6
27. b3 Kg6 28. Rxc5 Rc8 29. Ra5 Rc7 30. Kf2 g4 31. Ke3 Kf6 32. Kf4 g6 33. Kg3
Bc8 34. h3 gxh3 35. gxh3 a6 36. Rd5 Rc6 37. h4 Ke6 38. h5 gxh5 39. Rxh5 Kd7 40.
Kf2 Re6 41. b4 Kc7 42. Rc5+ Kb7 43. Ra5 Kb6 44. c5+ Kc6 45. a4 Re4 46. b5+ axb5
47. axb5+ Kxc5 48. Ra8 Bb7 49. Rb8 Re7 50. Rg8 Kxb5 51. Rg3 Kc4 52. Re3 Be4 53.
Ra3 Kd4 54. Ra4+ Kd3 55. Ra3+ Kd2 56. Ra2+ Bc2 57. Ra3 Re2+ 58. Kf3 Re4 59. Ra2
Rc4 60. Ra3 Bd3 61. Ra2+ Kc3 62. Ra3+ Kd4 63. Ra7 Be4+ 64. Kf4 Bd5 65. Ra5 Rc1
66. Ra4+ Bc4 67. Rb4 Rf1+ 68. Kg5 Kc5 69. Ra4 Bd5 70. Rf4 Re1 71. Kf5 Kd6 72.
Rd4 Rf1+ 73. Rf4 Be6+ 74. Kg5 Rg1+ 75. Kf6 Rg8 76. Rd4+ Bd5 77. Rd2 Rf8+ 78.
Kg7 Rf4 79. Kg6 Ke6 80. Kg5 Ke5 81. Rxd5+ 1/2-1/2

[Event "Trumpeter Classic"]
[Site "Edmonton CAN"]
[Date "2002.01.19"]
[Round "3"]
[White "Roy, Jim"]
[Black "Ottosen, David"]
[Result "1-0"]
[WhiteElo "1850"]
[BlackElo "2100"]
[PlyCount "89"]
[EventDate "2002.01.18"]
[EventType "swiss"]
[EventRounds "5"]
[EventCountry "CAN"]

1. d4 d5 2. c4 Nc6 3. e3 e5 4. dxe5 dxc4 5. Qxd8+ Kxd8 6. f4 Be6 7. Nf3 Nb4 8.
Na3 Nd3+ 9. Bxd3 cxd3 10. Nb5 c5 11. O-O a6 12. Nc3 b5 13. Ng5 Be7 14. Nxe6+
fxe6 15. a4 b4 16. Ne4 c4 17. a5 Nh6 18. Bd2 Kd7 19. Rfc1 Rhc8 20. Ra4 Nf5 21.
g4 Nh6 22. h3 Rab8 23. Nd6 Bxd6 24. exd6 Kxd6 25. Rxb4 Rxb4 26. Bxb4+ Kd5 27.
Kf2 Ke4 28. b3 d2 29. Bxd2 Kd3 30. Bb4 c3 31. Rd1+ Kc2 32. Rd6 Kxb3 33. Bxc3
Kxc3 34. Rxa6 e5 35. Ra7 exf4 36. exf4 Kd4 37. Rxg7 Ke4 38. Rxh7 Nxg4+ 39. hxg4
Kxf4 40. Rf7+ Kxg4 41. a6 Kg5 42. Ke3 Kg6 43. Rb7 Kf6 44. a7 Ra8 45. Kd4 1-0

[Event "Trumpeter Classic"]
[Site "Edmonton CAN"]
[Date "2002.01.20"]
[Round "4"]
[White "Ottosen, David"]
[Black "Leduc, James"]
[Result "1-0"]
[WhiteElo "2100"]
[BlackElo "1500"]
[PlyCount "39"]
[EventDate "2002.01.18"]
[EventType "swiss"]
[EventRounds "5"]
[EventCountry "CAN"]

1. e4 c5 2. Nf3 d6 3. d4 cxd4 4. Nxd4 Nf6 5. Nc3 a6 6. Bc4 Qc7 7. Bb3 e6 8. O-O
Be7 9. f4 Nc6 10. Be3 e5 11. fxe5 dxe5 12. Nf5 Bxf5 13. Rxf5 Nd4 14. Bxd4 exd4
15. Nd5 Qd7 16. Nxe7 Kxe7 17. Qf3 Rhf8 18. e5 Ng8 19. Rxf7+ Rxf7 20. Qxf7+ 1-0

[Event "Trumpeter Classic"]
[Site "Edmonton CAN"]
[Date "2002.01.20"]
[Round "5"]
[White "Ottosen, David"]
[Black "Wong, Ford"]
[Result "1/2-1/2"]
[WhiteElo "2100"]
[BlackElo "1950"]
[PlyCount "109"]
[EventDate "2002.01.18"]
[EventType "swiss"]
[EventRounds "5"]
[EventCountry "CAN"]

1. c4 Nf6 2. Nc3 e5 3. g3 g6 4. Bg2 Bg7 5. d3 c6 6. Nf3 d6 7. O-O O-O 8. h3 Nh5
9. d4 Qc7 10. Be3 Nd7 11. c5 d5 12. dxe5 Nxe5 13. Nxe5 Bxe5 14. Bd4 f5 15. e3
Qg7 16. b4 Bxd4 17. Qxd4 Qxd4 18. exd4 f4 19. g4 Ng7 20. Bf3 Ne6 21. Rad1 Ng5
22. Kg2 Bd7 23. Rfe1 Rae8 24. a4 Rxe1 25. Rxe1 Ne6 26. Ne2 Re8 27. Rb1 a6 28.
b5 axb5 29. axb5 g5 30. Rb4 Nf8 31. h4 Ng6 32. Ng1 Nxh4+ 33. Kf1 Ra8 34. bxc6
Bxc6 35. Bd1 Ra1 36. Ke1 Kf7 37. Kd2 Ra2+ 38. Bc2 Ra1 39. Ne2 Nf3+ 40. Kc3 Rf1
41. Bxh7 Rxf2 42. Nc1 Ne1 43. Nb3 Rg2 44. Na5 f3 45. Bd3 Nxd3 46. Kxd3 Rxg4 47.
Nxb7 Bxb7 48. Rxb7+ Ke8 49. Ke3 Rf4 50. Kf2 g4 51. c6 Kd8 52. Rd7+ Kc8 53. Rxd5
Rf6 54. Rg5 Rxc6 55. Rxg4 1/2-1/2

[Event "Two Weekends Before Christmas"]
[Site "Edmonton CAN"]
[Date "2002.12.13"]
[Round "1"]
[White "Asquith, Tom"]
[Black "Dean, Tim"]
[Result "1-0"]
[WhiteElo "1649"]
[BlackElo "1753"]
[PlyCount "69"]
[EventDate "2002.12.13"]
[EventType "swiss"]
[EventRounds "5"]
[EventCountry "CAN"]

1. d4 Nf6 2. Nc3 d5 3. Bg5 Bf5 4. Nf3 e6 5. Ne5 Be7 6. e3 Nbd7 7. f4 h6 8. Bxf6
Nxf6 9. g4 Be4 10. Rg1 Nd7 11. Nxe4 dxe4 12. c3 Bh4+ 13. Kd2 Nxe5 14. fxe5 Qg5
15. Qe2 O-O 16. Qg2 c5 17. Qxe4 cxd4 18. cxd4 Qd8 19. Bd3 g6 20. Raf1 Qe7 21.
Qf4 Bg5 22. Qe4 Rac8 23. Ke2 Qb4 24. b3 Qa3 25. Bb1 Qb2+ 26. Kf3 f5 27. exf6
Rxf6+ 28. Kg3 Bh4+ 29. Kh3 Rcf8 30. Rg2 Qa3 31. Kxh4 Qe7 32. Rxf6 Qxf6+ 33. Kh3
Kg7 34. Qxb7+ Rf7 35. Qe4 1-0

[Event "Two Weekends Before Christmas"]
[Site "Edmonton CAN"]
[Date "2002.12.13"]
[Round "1"]
[White "Beebe, Greg"]
[Black "Reeve, Jeff"]
[Result "0-1"]
[WhiteElo "1762"]
[BlackElo "2373"]
[PlyCount "81"]
[EventDate "2002.12.13"]
[EventType "swiss"]
[EventRounds "5"]
[EventCountry "CAN"]
[SourceDate "2003.08.17"]

1. c4 g6 2. Nc3 Bg7 3. g3 d6 4. Bg2 Nf6 5. Nf3 O-O 6. O-O e5 7. d3 Nc6 8. Bg5
h6 9. Bd2 Be6 10. e4 Qd7 11. Nd5 Ne8 12. h4 Nd8 13. Qc1 c6 14. Nc3 Kh7 15. Rb1
Bh3 16. Kh2 Bxg2 17. Kxg2 f5 18. b4 Nf6 19. b5 Ne6 20. Rb3 Nc5 21. Ra3 Nh5 22.
Qb1 f4 23. Ne2 Rf7 24. Bb4 Ne6 25. bxc6 bxc6 26. Rb3 c5 27. Bd2 Raf8 28. g4 Nd4
29. Nexd4 Qxg4+ 30. Kh2 exd4 31. Qd1 Qe6 32. Rg1 Be5 33. Qb1 Qe7 34. Rb8 Rxb8
35. Qxb8 Bf6 36. Kh3 Rf8 37. Qb5 g5 38. hxg5 hxg5 39. Qc6 Qe6+ 40. Rg4 Be7 41.
Qd5 0-1

[Event "Two Weekends Before Christmas"]
[Site "Edmonton CAN"]
[Date "2002.12.13"]
[Round "1"]
[White "Hughey, Micah"]
[Black "Skyrzypniak, George"]
[Result "1-0"]
[WhiteElo "2013"]
[BlackElo "1707"]
[PlyCount "25"]
[EventDate "2002.12.13"]
[EventType "swiss"]
[EventRounds "5"]
[EventCountry "CAN"]
[SourceDate "2003.08.17"]

1. e4 c6 2. d4 d5 3. exd5 cxd5 4. c4 Nf6 5. Nc3 e6 6. Nf3 Nbd7 7. c5 g6 8. Bf4
Nh5 9. Be5 Nxe5 10. Nxe5 Nf6 11. Qf3 Bg7 12. Bb5+ Bd7 13. Bxd7+ 1-0

[Event "Two Weekends Before Christmas"]
[Site "Edmonton CAN"]
[Date "2002.12.13"]
[Round "1"]
[White "Yearwood, Roy"]
[Black "Culjaga, Nikolai"]
[Result "0-1"]
[WhiteElo "2157"]
[BlackElo "1727"]
[PlyCount "56"]
[EventDate "2002.12.13"]
[EventType "swiss"]
[EventRounds "5"]
[EventCountry "CAN"]
[SourceDate "2003.08.17"]

1. d4 d5 2. Nf3 Nc6 3. Bf4 Bg4 4. e3 a6 5. h3 Bh5 6. c4 Nf6 7. Nc3 e6 8. a3 h6
9. Bd3 dxc4 10. Bxc4 Bd6 11. Bxd6 cxd6 12. Bd3 Rc8 13. g4 Bg6 14. Bxg6 fxg6 15.
d5 exd5 16. Qd3 O-O 17. g5 hxg5 18. Nxg5 Ne5 19. Qc2 Qe8 20. O-O-O b5 21. Kb1
Nc4 22. Qd3 Qe5 23. Qxg6 Nxa3+ 24. Ka2 Rxc3 25. bxc3 Qxc3 26. Rd3 Qc2+ 27. Ka1
Nc4 28. Rb1 Qa4+ 0-1

[Event "Two Weekends Before Christmas"]
[Site "Edmonton CAN"]
[Date "2002.12.14"]
[Round "2"]
[White "Nguyen, Kim David"]
[Black "Huber, Greg"]
[Result "1/2-1/2"]
[WhiteElo "1956"]
[BlackElo "2320"]
[PlyCount "91"]
[EventDate "2002.12.13"]
[EventType "swiss"]
[EventRounds "5"]
[EventCountry "CAN"]
[SourceDate "2003.08.17"]

1. e4 c5 2. Nf3 e6 3. d4 cxd4 4. Nxd4 a6 5. Be2 Nf6 6. Nc3 d6 7. O-O Nbd7 8.
Re1 b5 9. Bf1 Bb7 10. a4 b4 11. Nd5 Be7 12. Nxe7 Qxe7 13. Bd2 a5 14. Bf4 O-O
15. Nb5 Nxe4 16. Nxd6 Ndf6 17. Nxb7 Qxb7 18. Qf3 Rfc8 19. Rac1 Nc5 20. Qxb7
Nxb7 21. Be2 Nd5 22. Bf3 Rd8 23. Bg5 Rd7 24. c4 bxc3 25. bxc3 Rc8 26. c4 Nb4
27. Red1 Rxd1+ 28. Rxd1 Nc5 29. Rd8+ Rxd8 30. Bxd8 Nxa4 31. Bxa5 Nd3 32. Bc7 f5
33. Kf1 Kf7 34. Ke2 Nac5 35. Bd6 e5 36. Bd5+ Kf6 37. Kd2 e4 38. Kc3 Na4+ 39.
Kb3 Nac5+ 40. Bxc5 Nxc5+ 41. Kb4 Nd3+ 42. Kb5 Ke5 43. Bb7 Kd6 44. Kb6 g6 45.
Ba8 Nc5 46. Bc6 1/2-1/2

[Event "Two Weekends Before Christmas"]
[Site "Edmonton CAN"]
[Date "2002.12.14"]
[Round "2"]
[White "Yearwood, Roy"]
[Black "Asquith, Tom"]
[Result "0-1"]
[WhiteElo "2106"]
[BlackElo "1649"]
[PlyCount "24"]
[EventDate "2002.12.13"]
[EventType "swiss"]
[EventRounds "5"]
[EventCountry "CAN"]

1. d4 Nf6 2. Nf3 c5 3. c3 e6 4. Bf4 d5 5. e3 Bd6 6. dxc5 Bxc5 7. Na3 a6 8. Bd3
Nc6 9. O-O Qe7 10. b4 Bd6 11. Nc2 e5 12. e4 dxe4 0-1

[Event "Two Weekends Before Christmas"]
[Site "Edmonton CAN"]
[Date "2002.12.14"]
[Round "3"]
[White "Asquith, Tom"]
[Black "Gardner, Robert"]
[Result "0-1"]
[WhiteElo "1649"]
[BlackElo "2253"]
[PlyCount "52"]
[EventDate "2002.12.13"]
[EventType "swiss"]
[EventRounds "5"]
[EventCountry "CAN"]

1. d4 d5 2. Nc3 Nf6 3. Bg5 Bf5 4. Bxf6 exf6 5. e3 c6 6. Bd3 Be6 7. f4 f5 8. Qf3
Nd7 9. h4 Nf6 10. Nge2 Bb4 11. Ng3 Ne4 12. Bxe4 fxe4 13. Qf2 Bg4 14. f5 h5 15.
Nge2 Rh6 16. Qf4 Rf6 17. Qg5 Rxf5 18. Qxg7 Bf8 19. Qh7 Qd6 20. O-O-O Rf2 21.
Rhf1 Qh6 22. Qg8 Qxe3+ 23. Kb1 Bxe2 24. Rde1 Qd2 25. Qg3 Bd1 26. Nxd1 Qxc2+ 0-1

[Event "Two Weekends Before Christmas"]
[Site "Edmonton CAN"]
[Date "2002.12.14"]
[Round "3"]
[White "Hughey, Micah"]
[Black "Nguyen, Kim David"]
[Result "1-0"]
[WhiteElo "2013"]
[BlackElo "1956"]
[PlyCount "49"]
[EventDate "2002.12.13"]
[EventType "swiss"]
[EventRounds "5"]
[EventCountry "CAN"]
[SourceDate "2003.08.17"]

1. e4 c5 2. Nf3 d6 3. d4 cxd4 4. Qxd4 Bd7 5. c4 Nf6 6. Nc3 Nc6 7. Qd2 g6 8. b3
Qa5 9. Bb2 Rg8 10. Bd3 h5 11. O-O Ng4 12. a3 Bh6 13. Qe2 Nge5 14. Nxe5 dxe5 15.
b4 Qd8 16. Nd5 Nd4 17. Bxd4 exd4 18. e5 Be6 19. Qe4 Bxd5 20. cxd5 Qb6 21. Rfd1
Bg7 22. Rac1 f5 23. Qf4 Rd8 24. Rc5 Rh8 25. Qxd4 1-0

[Event "Two Weekends Before Christmas"]
[Site "Edmonton CAN"]
[Date "2002.12.14"]
[Round "3"]
[White "Veneracion, Paolo"]
[Black "Reeve, Jeff"]
[Result "0-1"]
[WhiteElo "2148"]
[BlackElo "2373"]
[PlyCount "55"]
[EventDate "2002.12.13"]
[EventType "swiss"]
[EventRounds "5"]
[EventCountry "CAN"]
[SourceDate "2003.08.17"]

1. e4 c5 2. Nf3 d6 3. d4 cxd4 4. Nxd4 Nf6 5. Nc3 g6 6. Be3 Bg7 7. Be2 Nc6 8.
Nb3 O-O 9. O-O Be6 10. f4 Rc8 11. g4 Na5 12. g5 Nd7 13. Nd4 Bc4 14. Bd3 e5 15.
Ndb5 exf4 16. Bxf4 Ne5 17. Be3 Nxd3 18. cxd3 Bxb5 19. Nxb5 d5 20. Nxa7 Ra8 21.
Rc1 d4 22. Bd2 Rxa7 23. Rf3 Nc6 24. a3 Qd7 25. Qf1 Ra6 26. Rc5 Ne5 27. Rh3 f6
28. gxf6 0-1

[Event "Two Weekends Before Christmas"]
[Site "Edmonton CAN"]
[Date "2002.12.15"]
[Round "4"]
[White "Boik, Andrew"]
[Black "Kazakevich, Anastasia"]
[Result "1-0"]
[WhiteElo "1682"]
[BlackElo "1776"]
[PlyCount "73"]
[EventDate "2002.12.13"]
[EventType "swiss"]
[EventRounds "5"]
[EventCountry "CAN"]
[SourceDate "2003.08.17"]

1. e4 c6 2. d4 d5 3. Nc3 dxe4 4. Nxe4 Nd7 5. Bc4 Ngf6 6. Ng5 e6 7. Qe2 Nb6 8.
Bd3 Be7 9. N1f3 h6 10. Ne4 Nbd7 11. Bd2 Nxe4 12. Bxe4 Nf6 13. Bd3 O-O 14. O-O-O
Qc7 15. g4 c5 16. Rdg1 b5 17. dxc5 Qxc5 18. g5 hxg5 19. Rxg5 Nd5 20. Ne5 Nb4
21. Bxb4 Qxb4 22. Rg4 Qc5 23. Bg6 fxg6 24. Rxg6 Kh8 25. Rxg7 Rf6 26. Qg4 Ba6
27. Ng6+ Rxg6 28. Qxg6 Qg5+ 29. Qxg5 Bxg5+ 30. Rxg5 Kh7 31. Rhg1 Kh6 32. Rg6+
Kh5 33. f4 Rh8 34. h4 Bc8 35. R1g5+ Kxh4 36. Rg1 e5 37. fxe5 1-0

[Event "Two Weekends Before Christmas"]
[Site "Edmonton CAN"]
[Date "2002.12.15"]
[Round "4"]
[White "Reeve, Jeff"]
[Black "Gardner, Robert"]
[Result "1-0"]
[WhiteElo "2373"]
[BlackElo "2262"]
[PlyCount "47"]
[EventDate "2002.12.13"]
[EventType "swiss"]
[EventRounds "5"]
[EventCountry "CAN"]
[SourceDate "2003.08.17"]

1. e4 c5 2. c3 d5 3. exd5 Qxd5 4. d4 Nc6 5. Nf3 Bg4 6. dxc5 Qxc5 7. Be3 Qa5 8.
Qb3 Bxf3 9. gxf3 Qc7 10. Na3 e6 11. Nb5 Qb8 12. O-O-O Nf6 13. Rg1 g6 14. Bh3
Be7 15. Bh6 a6 16. Bg7 axb5 17. Bxh8 Qxh2 18. Qxb5 Rxa2 19. Qxb7 Qf4+ 20. Kc2
Qa4+ 21. Qb3 Qa6 22. Bf1 Qa8 23. Bb5 Ra7 24. Bxc6+ 1-0

[Event "Two Weekends Before Christmas"]
[Site "Edmonton CAN"]
[Date "2002.12.15"]
[Round "5"]
[White "Huber, Greg"]
[Black "Reeve, Jeff"]
[Result "1-0"]
[WhiteElo "2320"]
[BlackElo "2372"]
[PlyCount "79"]
[EventDate "2002.12.13"]
[EventType "swiss"]
[EventRounds "5"]
[EventCountry "CAN"]
[SourceDate "2003.08.17"]

1. e4 c5 2. Nf3 Nc6 3. d4 cxd4 4. Nxd4 Nf6 5. Nc3 e5 6. Ndb5 d6 7. Bg5 a6 8.
Na3 b5 9. Nd5 Be7 10. Nxe7 Nxe7 11. Bxf6 gxf6 12. c4 Bb7 13. cxb5 Bxe4 14. Qa4
d5 15. b6+ Kf8 16. b7 Ra7 17. Bxa6 d4 18. Nb5 Rxb7 19. Bxb7 Bxb7 20. Qb4 Rg8
21. Nd6 Bxg2 22. Rg1 Bf3 23. Kd2 Bg4 24. a4 Rg6 25. h3 Be6 26. Rxg6 hxg6 27. a5
Kg7 28. a6 Qh8 29. a7 Qh6+ 30. Ke1 Nd5 31. Qa3 Ne3 32. a8=Q Nc2+ 33. Kd1 Nxa3
34. Rxa3 Bxh3 35. Ne8+ Kh7 36. Nxf6+ Kg7 37. Qf3 Bf5 38. Ne8+ Kh7 39. Nd6 d3
40. Nxf5 1-0

[Event "Valentine's Day op"]
[Site "Toronto CAN"]
[Date "2002.02.15"]
[Round "1"]
[White "Kagramanov, Dina"]
[Black "Divljan, Igor"]
[Result "0-1"]
[WhiteElo "2023"]
[BlackElo "2236"]
[PlyCount "81"]
[EventDate "2002.02.15"]
[EventType "swiss"]
[EventRounds "5"]
[EventCountry "CAN"]

1. e4 c5 2. Nf3 e6 3. c3 Nf6 4. e5 Nd5 5. d4 cxd4 6. cxd4 d6 7. Nc3 Nxc3 8.
bxc3 Qc7 9. Bd2 Nd7 10. exd6 Bxd6 11. Bd3 b6 12. O-O Bb7 13. Re1 O-O 14. h3
Rfe8 15. c4 e5 16. dxe5 Nxe5 17. Nxe5 Bxe5 18. Rc1 Rad8 19. Bc3 Qc6 20. Be4
Bh2+ 21. Kh1 Rxd1 22. Rcxd1 Qc7 23. Bxb7 Rb8 24. Bd5 Bd6 25. Rd3 Kf8 26. Rf3 f6
27. Re4 Re8 28. Rh4 Qe7 29. Re3 Qd7 30. Rf3 Qa4 31. g3 Qxa2 32. Kg2 Qc2 33. Bc6
Re2 34. Rd4 Bc5 35. Rdf4 Bxf2 36. Rxf2 Rxf2+ 37. Rxf2 Qxc3 38. Bb5 Qe3 39. Rf3
Qe2+ 40. Rf2 Qe4+ 41. Kg1 0-1

[Event "Valentine's Day op"]
[Site "Toronto CAN"]
[Date "2002.02.15"]
[Round "1"]
[White "Nahutin, Yevgeni"]
[Black "Peredun, Andrew"]
[Result "0-1"]
[WhiteElo "2098"]
[BlackElo "2287"]
[PlyCount "62"]
[EventDate "2002.02.15"]
[EventType "swiss"]
[EventRounds "5"]
[EventCountry "CAN"]

1. Nf3 Nf6 2. b3 e6 3. Bb2 b6 4. d4 Bb7 5. Nbd2 Be7 6. e3 O-O 7. Bd3 d5 8. Qe2
Nbd7 9. Ne5 Nxe5 10. dxe5 Nd7 11. O-O Nc5 12. f4 Nxd3 13. cxd3 c5 14. Rf3 f5
15. Rh3 Qe8 16. Kf2 a5 17. g4 a4 18. gxf5 Rxf5 19. Rg1 axb3 20. axb3 Ra2 21.
Bc1 d4 22. Qg4 dxe3+ 23. Kxe3 Qf7 24. Rh6 g6 25. Qh3 Qg7 26. Ne4 Bd5 27. Bd2
Bxb3 28. Bc3 Bd5 29. Nf6+ Rxf6 30. exf6 Bxf6 31. Rxh7 Bd4+ 0-1

[Event "Valentine's Day op"]
[Site "Toronto CAN"]
[Date "2002.02.15"]
[Round "1"]
[White "Raheb, David"]
[Black "Powell, Bryson"]
[Result "1-0"]
[WhiteElo "2248"]
[BlackElo "2032"]
[PlyCount "53"]
[EventDate "2002.02.15"]
[EventType "swiss"]
[EventRounds "5"]
[EventCountry "CAN"]

1. d4 d6 2. Nf3 Nd7 3. e4 e5 4. Nc3 Be7 5. Bc4 Ngf6 6. O-O O-O 7. Bg5 c6 8. Re1
Qc7 9. a4 Re8 10. Bh4 h6 11. Bg3 Bd8 12. a5 Nf8 13. dxe5 dxe5 14. Nxe5 Rxe5 15.
Bxe5 Qxe5 16. Qxd8 Bd7 17. Qxa8 Ng4 18. Rad1 Qxh2+ 19. Kf1 Qf4 20. Qxa7 Nh2+
21. Ke2 Bg4+ 22. f3 Nxf3 23. gxf3 Bxf3+ 24. Kf1 Qh2 25. Qg1 Qh3+ 26. Kf2 Ng6
27. Qxg6 1-0

[Event "Valentine's Day op"]
[Site "Toronto CAN"]
[Date "2002.02.15"]
[Round "1"]
[White "Stevens, Christian"]
[Black "Day, Lawrence"]
[Result "1-0"]
[WhiteElo "2117"]
[BlackElo "2484"]
[PlyCount "97"]
[EventDate "2002.02.15"]
[EventType "swiss"]
[EventRounds "5"]
[EventCountry "CAN"]

1. c4 g6 2. d4 Bg7 3. Nf3 f5 4. g3 Nf6 5. Bg2 O-O 6. O-O d6 7. Nc3 c6 8. Bf4
Nh5 9. Bc1 Na6 10. e4 e5 11. exf5 gxf5 12. Bg5 Qe8 13. Re1 Qg6 14. dxe5 dxe5
15. Be7 Re8 16. Nxe5 Qh6 17. Qd6 Qxd6 18. Bxd6 Be6 19. b3 Rad8 20. Rad1 Nf6 21.
f4 Bc8 22. Bf3 Re6 23. Ba3 Rde8 24. Kf2 Ng4+ 25. Bxg4 fxg4 26. Ne4 Rh6 27. Nd6
Rf8 28. Nxc8 Rxc8 29. Nxg4 Rg6 30. Kf3 b5 31. f5 Rg5 32. Kf4 Rh5 33. f6 Bh6+
34. Nxh6+ Rxh6 35. Kg5 Rxh2 36. Rd7 b4 37. f7+ Kf8 38. Rde7 Nc7 39. Bxb4 c5 40.
Bxc5 Ne6+ 41. R1xe6 Rxc5+ 42. Kg4 h5+ 43. Kf4 Rxa2 44. Rb7 Rf2+ 45. Ke3 Rxf7
46. Rxf7+ Kxf7 47. Ra6 Rc7 48. Rh6 Rb7 49. Rh7+ 1-0

[Event "Valentine's Day op"]
[Site "Toronto CAN"]
[Date "2002.02.15"]
[Round "1"]
[White "Teplitsky, Yan"]
[Black "Rolfe, Warrick"]
[Result "1-0"]
[WhiteElo "2526"]
[BlackElo "2122"]
[PlyCount "55"]
[EventDate "2002.02.15"]
[EventType "swiss"]
[EventRounds "5"]
[EventCountry "CAN"]

1. Nf3 Nf6 2. c4 g6 3. Nc3 Bg7 4. e4 d6 5. d4 O-O 6. Be2 e5 7. d5 Nbd7 8. O-O
Nc5 9. Qc2 a5 10. Bg5 h6 11. Be3 b6 12. Nd2 Nfd7 13. Kh1 f5 14. exf5 gxf5 15.
f4 e4 16. Nb3 Nxb3 17. axb3 Rb8 18. g4 Nc5 19. Rg1 Nd3 20. g5 Nb4 21. Qd2 Kh7
22. gxh6 Bf6 23. Bd4 Bd7 24. Bxf6 Rxf6 25. Rg7+ Kxh6 26. Rag1 Be8 27. Rg8 Rf7
28. Qd4 1-0